[Event "Sachsen-Anhalt Landesliga-A 1920"]
[Site "Sachsen Anhalt"]
[Date "2019.11.17"]
[Round "3.5"]
[White "Wagner, Bernd1"]
[Black "Woost, Thomas"]
[Result "1-0"]
[WhiteElo "1881"]
[BlackElo "1796"]
[PlyCount "181"]
[EventDate "2019.09.29"]
[EventType "team-tourn"]
[EventRounds "9"]
[EventCountry "GER"]
[SourceTitle "EXT 2023"]
[Source "ChessBase"]
[SourceDate "2022.10.05"]
[SourceVersion "1"]
[SourceVersionDate "2022.10.05"]
[SourceQuality "1"]
[WhiteTeam "Bernburg Aufbau"]
[BlackTeam "Tangerhuette Eintracht"]
[WhiteTeamCountry "GER"]
[BlackTeamCountry "GER"]

1. d4 Nf6 2. Bf4 g6 3. e3 Bg7 4. Nf3 d6 5. h3 Bf5 6. Bd3 Qc8 7. c4 0-0 8. Nc3 Bxd3 9. Qxd3 Nc6 10. a3 Re8 11. d5 Nb8 12. 0-0 e5 13. dxe6 fxe6 14. e4 Nbd7 15. b4 a5 16. Rab1 Nh5 17. Bd2 axb4 18. axb4 Ra3 19. Qc2 c6 20. Rb3 Qa8 21. Rfb1 Ne5 22. Nxe5 Bxe5 23. Ne2 Ra2 24. Qd3 Rf8 25. Bh6 Rf7 26. Be3 Ra1 27. Nd4 Rxb1+ 28. Rxb1 Qc8 29. Rd1 Nf4 30. Qd2 Qe8 31. Ne2 Nxe2+ 32. Qxe2 Qe7 33. Qg4 Qf6 34. b5 c5 35. Rd2 Bd4 36. Qe2 e5 37. Ra2 Qh4 38. f3 Qf4 39. Ra3 Qg3 40. Bf2 Qg5 41. Be3 Qf4 42. Kh1 Qh4 43. Kh2 Kg7 44. Qd2 Bxe3 45. Qxe3 Qf6 46. Ra8 Rd7 47. g3 Qe6 48. Qd3 Qf6 49. Rc8 Qe6 50. Kg2 h5 51. h4 Qf7 52. b6 Qe6 53. Qb3 Qf7 54. Qb5 Qe7 55. Qxd7 Qxd7 56. Rc7 Qf7 57. f4 Kf6 58. Rxf7+ Kxf7 59. Kf3 Kf6 60. g4 exf4 61. gxh5 gxh5 62. Kxf4 Ke6 63. Kg5 Ke5 64. Kxh5 Kxe4 65. Kg6 d5 66. cxd5 Kxd5 67. h5 c4 68. h6 c3 69. h7 c2 70. h8Q c1Q 71. Qd8+ Ke4 72. Qc7 Qg1+ 73. Kf7 Qf2+ 74. Ke8 Qf6 75. Qxb7+ Kd4 76. Qd7+ Kc5 77. Qc7+ Qc6+ 78. Kd8 Kb5 79. b7 Qf6+ 80. Kc8 Qf8+ 81. Qd8 Qc5+ 82. Kb8 Ka6 83. Qd3+ Ka5 84. Qd2+ Kb5 85. Qb2+ Kc6 86. Qf6+ Kb5 87. Qf1+ Kb6 88. Qb1+ Kc6 89. Qa1 Qf8+ 90. Ka7 Qc5+ 91. Ka8 1-0